[Event "Polanica Zdroj op-B 56th"]
[Site "Polanica Zdroj"]
[Date "2020.08.15"]
[Round "1"]
[White "Gromada, Andrzej"]
[Black "Karamucki, Henryk"]
[Result "0-1"]
[WhiteElo "1678"]
[BlackElo "1335"]
[PlyCount "86"]
[EventDate "2020.08.15"]
[EventType "swiss"]
[EventRounds "9"]
[EventCountry "POL"]
[SourceTitle "CBM 198 Extra"]
[Source "ChessBase"]
[SourceDate "2020.11.30"]
[SourceVersion "1"]
[SourceVersionDate "2020.11.30"]
[SourceQuality "1"]

1. d4 d5 2. c4 Nf6 3. cxd5 Qxd5 4. Nc3 Qa5 5. Nf3 e6 6. g3 Nbd7 7. Bg2 c6 8. 0-0 Bd6 9. e4 e5 10. Re1 0-0 11. Bd2 Qc7 12. Rc1 exd4 13. Nxd4 Be5 14. Nf5 Nb6 15. Ne3 Qd7 16. Qe2 Qe8 17. Ncd1 Qd7 18. Nf5 Rd8 19. Bc3 Bxc3 20. Rxc3 Qc7 21. Nde3 Be6 22. g4 Rd7 23. g5 Ne8 24. h4 Qf4 25. Ng4 Rd2 26. Qe3 Qxe3 27. Ngxe3 Rad8 28. Ra3 Nc8 29. b3 Kf8 30. Bf1 Ned6 31. Ng3 Nb5 32. Bxb5 cxb5 33. Ra5 a6 34. a4 Ra2 35. Nd5 Bxd5 36. Rd1 Ne7 37. exd5 Rxd5 38. Rxd5 Nxd5 39. Ne4 Nb4 40. Nc5 Nc6 41. Nxb7 Nxa5 42. Nxa5 bxa4 43. bxa4 Rxa4 0-1

[Event "Miedzyzdroje OB Seniors 23rd"]
[Site "Miedzyzdroje"]
[Date "2015.06.17"]
[Round "1"]
[White "Karamucki, Henryk"]
[Black "Gasik, Jadwiga"]
[Result "0-1"]
[WhiteElo "1412"]
[BlackElo "1854"]
[PlyCount "86"]
[EventDate "2015.06.17"]
[EventType "swiss"]
[EventRounds "8"]
[EventCountry "POL"]
[SourceTitle "EXT 2018"]
[Source "ChessBase"]
[SourceDate "2017.10.13"]
[SourceVersion "1"]
[SourceVersionDate "2017.10.13"]
[SourceQuality "1"]

1. f4 c6 2. Nf3 d5 3. e3 Nf6 4. d4 Bf5 5. Bd3 Ne4 6. 0-0 e6 7. Nc3 Nd7 8. Bd2 Ndf6 9. Be1 Be7 10. Qe2 0-0 11. Bh4 Nxc3 12. bxc3 Ne4 13. Be1 c5 14. c4 Bf6 15. Ne5 cxd4 16. exd4 Nd6 17. c5 Bxd3 18. cxd3 Nf5 19. Bf2 g6 20. Rab1 Qc7 21. Rb3 Rab8 22. Rfb1 b6 23. Qb2 Rfc8 24. g4 Ne7 25. cxb6 axb6 26. Rxb6 Ra8 27. Rb7 Qc2 28. Nd7 Bg7 29. Nb6 Rxa2 30. Qxc2 Rcxc2 31. Rb8+ Bf8 32. Bg3 Nc6 33. Ra8 Nxd4 34. Rxa2 Rxa2 35. Nd7 Be7 36. Rb8+ Kg7 37. Re8 Ne2+ 38. Kg2 Bd6 39. g5 Bxf4 40. Bxf4 Nxf4+ 41. Kf3 Nh5 42. h4 Ra4 43. Ne5 Rxh4 0-1